Cities with "ass" in their names - Statistics

General Stats
  • This quiz has been taken 28 times
  • The average score is 3 of 24
Answer Stats
Area City % Correct
Bahamas Nassau
89%
Florida Tallahassee
82%
Indonesia Makassar
21%
Germany Kassel
18%
Bavaria Passau
18%
Burkina Faso Bobo-Dioulasso
14%
Southern France Carcassonne
14%
New Jersey Passaic
14%
French Alps Annemasse
7%
Italy Assisi
7%
Midlothian Lasswade
7%
Mediterranean Limassol
7%
Mali Sikasso
7%
French Alps Grasse
4%
Sudan Kassala
4%
Algeria Tamanrasset
4%
Angus Eassie
0%
Aberdeenshire Hassiewells
0%
Argyll Kilmichael-Glassary
0%
Fife Kinglassie
0%
Ivory Coast Koumassi
0%
Brazil Passa Fundo
0%
Cork Passage West
0%
Wiltshire Royal Wootton Bassett
0%
No matching quizzes found
Score Distribution
Percent of People with Each Score
Percentile by Number Answered
Your Score History
You have not taken this quiz